01387nam a2200265 a 4500001001000000003000900010005001700019007001000036008004100046020001800087040002200105245013100127260003100258300005500289490001800344504002900362505045600391650004600847650004500893650004000938650004600978650005101024700002801075830001801103000038917DO-SdBNP20200716093928.0000038917150130s2013 dr acd 000 0 spa d a9789945174700 aBPMSUbspacBPMSU00aCiencias sociales 1 : beducación media /ccolaboración Ryde Acosta ... [et al.] ; gerencia editorial Anna Rogero Soler  aSanto Domingo :bSM,c2013 a287 p. : bil., retrs., mapas ;c29 cm. +eCD ROM.1 aProyecto Sé aBibliografía : p. 287 0 tUnidad 1.tGeografía física de la tierra –tUnidad 2.tLos continentes --tUnidad 3.tLa prehistoria y las primeras civilizaciones –tUnidad 4.tDe Grecia a la Edad Media –tUnidad 5.tLa Edad Moderna y las grandes revoluciones –tUnidad 6.tEl siglo XX –tUnidad 7.tPoblación y espacio urbano – tUnidad 8.tEconomía y política -- Proyecto -- Actividades -- Pon a prueba tus competencias -- Repaso para las Pruebas Nacionales. 4aCIENCIAS SOCIALESxENSEÑANZA SECUNDARIA 4aCIENCIAS SOCIALESxESTUDIOS Y EJERCICIOS 4aCIENCIAS SOCIALESxLIBROS DE TEXTOS 4aCIENCIAS SOCIALESxEDUCACIÓN SECUNDARIA 4aEDUCACIÓN SECUNDARIAzREPÚBLICA DOMINICANA12aAcosta, Rydeecolab.4  0aProyecto Sé